Putting time on the map (Record no. 74506)
[ view plain ]
| 000 -LEADER | |
|---|---|
| fixed length control field | 00799cab a2200229 4500 |
| 001 - CONTROL NUMBER | |
| control field | ABS68132 |
| 008 - FIXED-LENGTH DATA ELEMENTS--GENERAL INFORMATION | |
| fixed length control field | 040820n2004 000 0 eng u |
| 035 ## - SYSTEM CONTROL NUMBER | |
| System control number | (Sirsi) u127118 |
| 100 ## - MAIN ENTRY--PERSONAL NAME | |
| Personal name | Johnson, I. |
| 245 ## - TITLE STATEMENT | |
| Title | Putting time on the map |
| 260 ## - PUBLICATION, DISTRIBUTION, ETC. | |
| Date of publication, distribution, etc. | 2004 |
| 490 ## - SERIES STATEMENT | |
| Series statement | Geo Informatics |
| Volume/sequential designation | 7(5) July/August 2004, 26-29(4) |
| 520 ## - SUMMARY, ETC. | |
| Summary, etc. | Considers how historical maps and spatially located historical information can assist in town planning and the preservation and use of historical cities and landscapes. Looks specifically at the use of TimeMap for map animation and web delivery. |
| 590 ## - LOCAL NOTE (RLIN) | |
| Local note | ABS |
| 650 ## - SUBJECT ADDED ENTRY--TOPICAL TERM | |
| Topical term or geographic name entry element | MAPS |
| 650 ## - SUBJECT ADDED ENTRY--TOPICAL TERM | |
| Topical term or geographic name entry element | HISTORICAL BUILDINGS |
| 650 ## - SUBJECT ADDED ENTRY--TOPICAL TERM | |
| Topical term or geographic name entry element | GIS |
| 650 ## - SUBJECT ADDED ENTRY--TOPICAL TERM | |
| Topical term or geographic name entry element | TOWN PLANNING |
| 650 ## - SUBJECT ADDED ENTRY--TOPICAL TERM | |
| Topical term or geographic name entry element | SPATIAL INFORMATION SYSTEMS |
| 690 ## - LOCAL SUBJECT ADDED ENTRY--TOPICAL TERM (OCLC, RLIN) | |
| Topical term or geographic name as entry element | Geomatics |
| 9 (RLIN) | 6242 |
| 942 ## - ADDED ENTRY ELEMENTS (KOHA) | |
| Suppress in OPAC | 0 |
| Withdrawn status | Lost status | Source of classification or shelving scheme | Damaged status | Not for loan | Home library | Current library | Shelving location | Date acquired | Total Checkouts | Full call number | Barcode | Date last seen | Copy number | Price effective from | Koha item type |
|---|---|---|---|---|---|---|---|---|---|---|---|---|---|---|---|
| Dewey Decimal Classification | London | London | Journal article | 20/08/2004 | ABS68132 | 127118-1001 | 06/08/2019 | 1 | 06/08/2019 | Journal article |